000 01007nam a22002890 4500
003 PILC
005 20150506140637.0
008 001124s2000
020 _a1413006167
050 _aPE 1128
_b.T172 2005
245 1 0 _aTapestry /
_cRebecca L. Oxford, series editor ; Susana Christie, Listening and speaking editor.
260 _aBoston, MA :
_bHeinle & Heinle,
_cc2005.
300 _a223 pages :
_billustrations ;
_c25 cm.
440 _aTapestry reading 3.
440 _aTapestry reading 4.
440 _aTapestry writing 1.
440 _aTapestry writing 2.
650 _aEnglish language
_xRhetoric
_xProblems, exercises, etc.
650 _aEnglish language
_xTextbooks for foreign speakers.
650 _aReading comprehension
_xProblems, exercises, etc.
650 _aReport writing
_xProblems, exercises, etc.
700 1 _aBlass, Laurie.
700 1 _aFellag, Linda Robinson.
700 1 _aSokolik, M.E.
700 1 _aOxford, Rebecca L.,
_eed.
942 _2lcc
_cBK
999 _c283864
_d283864